000 00269nam a2200097Ia 4500
001 1251472
005 20251031150916.0
008 251031s9999 xx 000 0 und d
245 0 _cCHRISTINE NÖSTLINGER
_aJ-3 KİM TAKAR SALATALIK KRALI
260 _bGÜNIŞIĞI YAYINLARI
999 _c1251472
_d1251472